| 000 | 00946nam a2200265Ia 4500 | ||
|---|---|---|---|
| 003 | OSt | ||
| 005 | 20221005110053.0 | ||
| 006 | a|||||r|||| 00| 0 | ||
| 007 | ta | ||
| 008 | 221004b |||||||| |||| 00| 0 hin d | ||
| 020 |
_a9788126023455 (pbk) _c200 |
||
| 024 | _a92460 | ||
| 037 |
_b523, 19/03/2009, Vani Prakashan _cTextual |
||
| 040 |
_aCRL _cCRL _bhin |
||
| 041 |
_2hin _ahin |
||
| 082 | _aO152,1N195:g, P8 | ||
| 100 | _aजोशी, ज्योतिष | ||
| 245 | 0 | _aनेमिचंद्र जैन | |
| 246 | _aNemichandra jaina | ||
| 260 |
_aनई दिल्ली _bसाहित्य अकादेमी भारत _c2008 |
||
| 300 |
_a120पृ0 _ccm. |
||
| 490 | _aभारतीय साहित्य के निर्माता | ||
| 942 |
_hO152,1N195:g, P8 _cTEXL _2cc |
||
| 999 |
_c1017695 _d1017695 |
||